Detalles MARC
| 000 -LÍDER |
| Campo fijo de descripción fija |
01626nam a2200397 i 4500 |
| 001 - NÚMERO DE CONTROL |
| Campo de control |
bimo0001956244 |
| 003 - IDENTIFICADOR DEL NÚMERO DE CONTROL |
| Campo de control |
SpMaBN |
| 005 - FECHA Y HORA DE LA ULTIMA TRANSACCIÓN |
| control field |
20180622170023.0 |
| 008 - ELEMENTOS DE LONGITUD FIJA -- INFORMACIÓN GENERAL |
| Campo fijo de descripción fija -- Información general |
040708s2004 sp | ||| ||spa |
| 017 ## - COPYRIGHT OR LEGAL DEPOSIT NUMBER |
| Copyright or legal deposit number |
NA 23-2004 |
| Assigning agency |
Oficina Depósito Legal Navarra |
| 020 ## - NÚMERO INTERNACIONAL NORMALIZADO PARA LIBROS |
| Número Internacional Normalizado del libro |
9788431328160 |
| 040 ## - FUENTE DE CATALOGACIÓN |
| Agencia de catalogación original |
SpMaBN |
| Idioma de catalogación |
spa |
| Agencia que realiza la transcripción |
CO-MdFUSB |
| Convenciones de la descripción |
rdc |
| Agencia que realiza la modificación |
CO-MdFUSBC |
| 041 ## - CÓDIGO DE IDIOMA |
| Código de idioma para texto/pista de sonido o título separado |
spa |
| 080 #0 - UNIVERSAL DECIMAL CLASSIFICATION NUMBER |
| Universal Decimal Classification number |
234.23 |
| 080 #0 - UNIVERSAL DECIMAL CLASSIFICATION NUMBER |
| Universal Decimal Classification number |
215 |
| 082 ## - NÚMERO DE CLASIFICACIÓN DECIMAL DEWEY |
| Número de la edición del Dewey |
23 |
| Número de clasificación |
G 261.55 |
| Clave de autor-Numero de item |
AR791c |
| 100 1# - ASIENTO PRINCIPAL--NOMBRE PERSONAL |
| Nombre personal |
Artigas, Mariano |
| Fechas asociadas con el nombre |
1938-2006 |
| Término relacionador |
autor |
| 245 10 - TÍTULO |
| Título del Material |
Ciencia, razón y fe |
| Mención de responsabilidad, etc. |
/ Mariano Artigas |
| 250 ## - MENCIÓN DE EDICIÓN |
| Mención de edición |
segunda edición |
| 260 ## - PUBLICACIÓN, DISTRIBUCIÓN, ETC. (PIE DE IMPRENTA) |
| Nombre del editor, distribuidor, etc. |
EUNSA |
| Fecha de publicación, distribución, etc. |
2004 |
| 264 #1 - PRODUCCIÓN, PUBLICACIÓN, DISTRIBUCIÓN, MANUFACTURA, Y COPYRIGHT |
| Lugar de producción, publicación, distribución, manufactura |
Barañáin (Navarra) : |
| Nombre del productor, publicador, distribuidor |
Ediciones Universidad de Navarra (EUNSA), |
| Fecha de producción, publicación, distribución, manufactura, o copyright |
[2011] |
| 264 #4 - PRODUCCIÓN, PUBLICACIÓN, DISTRIBUCIÓN, MANUFACTURA, Y COPYRIGHT |
| Fecha de producción, publicación, distribución, manufactura, o copyright |
©2011 |
| 300 ## - DESCRIPCIÓN FÍSICA |
| Extensión |
196 páginas : |
| Dimensiones |
24 cm |
| Otros detalles físicos |
: |
| 336 ## - TIPO DE CONTENIDO |
| Fuente |
rdacontent |
| Término de tipo de contenido |
texto |
| Código de tipo de contenido |
txt |
| 337 ## - TIPO DE MEDIO |
| Fuente |
rdamedia |
| Nombre del tipo de medio |
sin mediación |
| Código del tipo de medio |
n |
| 338 ## - TIPO DE SOPORTE |
| Fuente |
rdacarrier |
| Nombre del tipo de soporte |
volumen |
| Código Tipo de soporte |
nc |
| 504 ## - NOTA DE BIBLIOGRAFÍA, ETC. |
| Nota de bibliografía, etc |
Bibliografía: páginas [189]-196 |
| 505 ## - NOTA DE CONTENIDO |
| Nota de contenido con formato preestablecido |
Galileo: un problema sin resolver -- La fiabilidad de la ciencia experimental -- El materialismo científico -- Determinismo científico y libertad humana -- Evolución y cristianismo -- La verificación científica -- Los límites de la ciencia -- Ciencia y fe: una colaboración positiva -- Ciencia, razón y fe -- Ciencia, tecnología y humanismo. |
| 563 ## - NOTA DE ENCUADERNACIÓN |
| Nota de encuadernación |
Rústico |
| 650 #7 - ASIENTO SECUNDARIO DE MATERIA - TERMINO TEMÁTICO |
| Término temático o nombre geográfico como elemento de entrada |
Fe y razón |
| Fuente del encabezamiento o término |
embne |
| 650 #7 - ASIENTO SECUNDARIO DE MATERIA - TERMINO TEMÁTICO |
| Término temático o nombre geográfico como elemento de entrada |
Religión y ciencia |
| Fuente del encabezamiento o término |
embne |
| 775 ## - ASIENTO DE OTRA EDICION |
| Edición |
2a Edición. |
| Lugar, editor y fecha de publicación |
Pamplona : EUNSA, 2011 |
| Información sobre la relación |
Reproducción electrónica (manifestación) |
| Título |
Ciencia, razón y fe |
| Número Internacional Normalizado para Libros |
9788431328160 |
| 942 ## - TIPO DE MATERIAL (KOHA) |
| Tipo de Item KOHA |
Libros General |